000 01301nam a2200349 a 4500
001 dia_5535
003 CHAP
005 20250924110126.0
007 ta
008 220117s1993 mx bd f 001 0 spa d
040 _cCHAP
_amxchpua
090 _aT.C.153
_bE87 ETIPA
_c1993
245 1 0 _aAnálisis de productividad en área U. H. T. /
_ccoordinador Teodoro Espinosa Solares ; colaborador Ma. del Pilar Alcacio Fernández...[et al.]
260 _aMéxico :
_bEl autor,
_c1993
300 _acerca 40 hojas :
_bilustraciones, tablas, gráficas
336 _2rdacontent
_atexto
_btxt
337 _2rdamedia
_asinmedio
_bn
338 _2rdacarrier
_avolumen
_bnc
500 _aGrado : 7° año Grupo : A
502 _aViaje de Estudios
_b(ETIPA) --
_cUACh. Departamento de Ingeniería Agroindustrial,
_d1993
504 _aIncluye bibliografía
650 1 3 _aProductos lácteos
_9158910
_zMéxico
_zAguascalientes
650 1 3 _aDairy products
_9158909
_zMexico
_zAguascalientes
700 1 _aEspinosa Solares, Teodoro
_9153069
_ecoordinador
700 1 _aAlcacio Fernández, Ma. del Pilar
_ecolaborador
_9147947
901 _aT.C.153 E87 ETIPA 1993
902 _aM
905 _a5332271993 mx nma 8222123322spa16
942 _2local
942 _cVE
999 _c176476
_d176476